La vrai Reine Margot / (Record no. 139665)

MARC details
000 -LEADER
campo de control de longitud fija 00563nam a2200193 4500
001 - NÚMERO DE CONTROL
campo de control 139665
003 - IDENTIFICADOR DE NÚMERO DE CONTROL
campo de control ES-MaACL
005 - FECHA Y HORA DE LA ÚLTIMA TRANSACCIÓN
campo de control 20251009144549.0
007 - CAMPO FIJO DE DESCRIPCIÓN FÍSICA--INFORMACIÓN GENERAL
campo de control de longitud fija t|
008 - DATOS DE LONGITUD FIJA--INFORMACIÓN GENERAL
campo de control de longitud fija 070214s1909 fr r ||||1| fre d
080 ## - NÚMERO DE LA CLASIFICACIÓN DECIMAL UNIVERSAL
Número de la Clasificación Decimal Universal 929 Margarita(465.1)Francia
100 1# - ENTRADA PRINCIPAL--NOMBRE DE PERSONA
Nombre de persona Savine, Albert.
9 (RLIN) 104073
245 13 - MENCIÓN DEL TÍTULO
Título La vrai Reine Margot /
Mención de responsabilidad, etc. Albert Savine.
260 ## - PUBLICACIÓN, DISTRIBUCIÓN, ETC.
Lugar de publicación, distribución, etc. Paris :
Nombre del editor, distribuidor, etc. F. Schmidt,
Fecha de publicación, distribución, etc. 1909.
300 ## - DESCRIPCIÓN FÍSICA
Extensión 190 p. ;
Dimensiones 20 cm.
600 07 - PUNTO DE ACCESO ADICIONAL DE MATERIA--NOMBRE DE PERSONA
Nombre de persona Margarita,
Títulos y otros términos asociados al nombre Reina consorte de Enrique IV, Rey de Francia
Fuente del encabezamiento o término
9 (RLIN) 148955
852 ## - LOCALIZACIÓN
Ubicación ES-MaACL
Número de control de estantería D-1233
Holdings
Estatus retirado Estado de pérdida Estado de daño No para préstamo Biblioteca de origen Biblioteca actual Ubicación en estantería Fecha de adquisición Fuente de adquisición Total de préstamos Signatura topográfica completa Código de barras Visto por última vez Precio de reemplazo Tipo de ítem Koha
        Biblioteca del Ateneo de Madrid Biblioteca del Ateneo de Madrid Sala Valle Inclán 17/01/2008     D-1233 901145343 23/02/2023 23/02/2023 Libro impreso